[Event "Stavby mostu A - DDM A"]
[Site "Stavby mostu A"]
[Date "2005.01.26"]
[Round "3.6"]
[White "Nemec, Jan"]
[Black "Doktor, Pavel"]
[Result "1-0"]
[WhiteElo "1883"]
[BlackElo "1880"]
[PlyCount "97"]
[EventDate "2005.??.??"]

1. e4 e6 2. d4 d5 3. Nc3 Bb4 4. a3 Bxc3+ 5. bxc3 dxe4 6. Qg4 Nf6 7. Qxg7 Rg8 8.
Qh6 Rg6 9. Qe3 {Az sem teorie.} c5 {Tenhle tah uz neznam.} 10. dxc5 Nc6 11. Ne2
{Tady souper dost premyslel. Ze by nad Jc6-e5-g4? nebo Jd5? Uz me to nudilo,
tak jsem vymyslel, co nejhorsiho by mohl zahrat. A vymyslel jsem jeho
nasledujici tah.} Qd5 $4 12. Nf4 Qf5 13. Nxg6 hxg6 14. Qg5 {
S nicim se nebabrat a hura do koncovky a na jistotu.} Bd7 15. Qxf5 exf5 {
Cerny sice ma trochu silny stred a ja oskliveho trojpecha, ale cesta k vyhre
neni obtizna.} 16. Be2 Nd5 17. Bd2 O-O-O 18. Bc4 Be6 19. Bxd5 {Vsechno vymenit.
} Rxd5 20. Be3 f6 21. Rd1 g5 22. Rxd5 Bxd5 23. Bd4 Ne5 24. Bxe5 fxe5 {
Vez si se strelcem hrave poradi.} 25. Ke2 Kd7 26. h4 gxh4 27. Rxh4 f4 28. Rh6 {
Hrozi napriklad Vd6+} Bc4+ 29. Kd2 Be6 30. g3 e3+ 31. fxe3 fxg3 32. Rg6 e4 33.
Rxg3 Bd5 34. Rg6 Bc6 {Cerny sice pokryl vsechny sve pesce a vsechny me
zablokoval, ale to mu nepomuze.} 35. c4 Ke7 36. Kc3 Kf7 37. Rh6 Kg7 38. Rd6 Kf7
39. Kd4 a6 40. Rxc6 {Asi nejjednodussi.} bxc6 41. Kxe4 Ke6 42. a4 Kf6 43. Kf4
Ke6 44. e4 Kf6 45. e5+ Ke7 46. Kf5 Kf7 47. e6+ Ke7 48. Ke5 a5 49. c3 $1 $18 {
I ten malinky pesacek si zahral.} 1-0

[Event "Stavby mostu A - DDM A"]
[Site "Praha"]
[Date "2005.01.26"]
[Round "3.7"]
[White "Pilar Radek"]
[Black "Smejc Jiri"]
[Result "0-1"]
[WhiteElo "1660"]
[BlackElo "1833"]
[Annotator "-,J"]
[PlyCount "70"]
[EventDate "2005.??.??"]

1. e4 c5 2. Nc3 e6 3. Bc4 Nc6 4. Nf3 Nf6 5. e5 $6 d5 (5... Ng4 $1 6. Qe2 d6 7.
exd6 Bxd6 8. Ne4 O-O $11) 6. exf6 $2 (6. Bb5 $11) 6... dxc4 7. fxg7 Bxg7 8. O-O
Nd4 $6 (8... e5 $1 9. d3 cxd3 10. cxd3 Bg4 11. h3 Bh5 12. Ne4 O-O 13. g4 Bg6
14. Nxc5 Qd5 15. Ne4 Nb4 $15) 9. Ne4 (9. d3 $11) 9... e5 10. c3 Ne6 11. Qa4+
Kf8 12. Qxc4 b6 13. d3 Bb7 14. Nfg5 Nxg5 15. Bxg5 f6 16. Bh4 Bd5 17. Qa4 Rg8
18. Rad1 $2 (18. f4 $1 $18) 18... Qe7 19. Qc2 Qe6 20. b3 Qg4 21. Bg3 f5 22. f3
Qg6 23. c4 Bc6 24. Nc3 Bh6 $6 25. Bxe5 Be3+ 26. Kh1 f4 27. Ne4 Re8 28. Bc3 Re6
29. Nf6 $2 Rxf6 30. Bxf6 Qxf6 $19 31. Rde1 Qd4 32. Re2 Rg6 33. a3 Qe5 34. b4
Rh6 35. b5 $4 (35. h3 Qf5 (35... Bd7 36. Rfe1 Qg5 37. Rxe3 fxe3 38. Qb2 Bxh3
39. Kg1 Bxg2 40. Qxg2 Qf4 41. Kf1 Rh2 $17)) 35... Rxh2+ 0-1

[Event "Stavby mostu A - DDM A"]
[Site "?"]
[Date "2005.01.26"]
[Round "3.8"]
[White "Hacaperka, Michal"]
[Black "Sebek, Pavel"]
[Result "1-0"]
[WhiteElo "1915"]
[BlackElo "1485"]
[PlyCount "71"]
[EventDate "2005.??.??"]

1. e4 c5 2. f4 d6 3. Nf3 Nc6 4. Bb5 Bg4 5. O-O Nf6 6. d3 a6 {Nekde jsem si
precetl, ze je to ztrata tempa, nebot bily chce stejne menit na c6.} 7. Bxc6+
bxc6 8. c4 e6 9. Nc3 Be7 10. h3 (10. e5 Nd7 11. exd6 Bxd6 {
se libi Hiarcsovi, ale me se nelibi slabina na d3.}) 10... Bh5 $6 (10... Bxf3
11. Qxf3 {a zda se mi, ze stojim lepe. Obet nemuze byt korektni.}) 11. g4 Nxg4
12. hxg4 Bxg4 13. Qe2 O-O 14. Qg2 f5 {
Tenhle tah me prekvapil, zacal jsem se obavat prevodu veze.} 15. e5 Qc7 16. Re1
d5 {Po pretahnuti ma bily prostorovou prevahu, po vymene by ale na e5 umistil
jezdce.} 17. b3 {Bily muze utocit na slabeho pesce c5.} d4 18. Na4 Rac8 19. Ba3
Qa7 20. Ng5 Bxg5 21. Bxc5 Qf7 22. fxg5 {Cernopolny strelec je cennejsi nez vez.
} Rfe8 23. Qg3 Qh5 24. Qf4 {
Bily ma s figurou vic vyhranou pozici, je vsak trochu nervozni z casove tisne.}
Qh3 25. Nb2 Bf3 26. Qh2 Qg4+ 27. Kf2 {Trochu jsem si v casove tisni oddechl,
vymena dam je nevyhnutna. Cerny se ale jeste pokusil obetovat druhou figuru.}
Be4 28. dxe4 fxe4 29. Qg3 e3+ 30. Kg2 Qe4+ 31. Kg1 {
A ted uz staci jen vymenit damy.} e2 32. Bd6 Rcd8 33. Nd3 Ra8 34. Nc5 Qc2 35.
Qd3 Qb2 36. Na4 {Cerny se vzdal.} 1-0

[Event "DDM A - Rapid A"]
[Site "?"]
[Date "2005.02.03"]
[Round "4.1"]
[White "Stross, Frantisek"]
[Black "Novak, Vaclav"]
[Result "1-0"]
[WhiteElo "2276"]
[BlackElo "1992"]
[Annotator "Frantisek Stross"]
[PlyCount "137"]
[EventDate "2005.??.??"]

1. e4 g6 2. d4 Bg7 3. Nc3 d6 4. Be3 c6 5. Qd2 Nd7 6. Nf3 b5 7. Bd3 Nb6 8. h3
Nc4 {Tento tah uz v me priprave nebyl.} 9. Bxc4 bxc4 10. O-O h5 $2 {
Zbytecne oslabeni a ztrata tempa.} (10... Nf6 11. Bh6 $14) 11. Rfe1 Nf6 12. e5
Nd5 {Po tomto tahu cerneho jsem pul hodiny hledal vynucenou vyhru. Nemohl jsem
pochopit, ze tam zadna neni...} 13. Nxd5 $2 {Navic bylo moje dlouhe premysleni
korunovano touto nepresnosti. Narovnavat cernemu pesce jsem nemusel.} (13. exd6
$142 Qxd6 14. Bg5 f6 (14... Be6 15. Ne4 $16) 15. Bh4 O-O 16. Bg3 $16) 13...
cxd5 14. exd6 Qxd6 15. Bg5 e6 ({Dal bych prednost} 15... Be6) 16. c3 $14 O-O
17. Re2 a5 18. Rae1 Ra7 19. Bf4 Qb6 20. Ne5 Rb7 21. Bh6 Kh7 22. Bxg7 Kxg7 23.
Qg5 Qd8 {Nabidka remizy.} 24. Qxd8 $2 {Malou vyhodu drzel nejaky ustup damy.}
Rxd8 25. Nc6 Rd6 26. Nxa5 Ra7 27. b4 Bd7 $2 {Tak to me prekvapilo.} (27... cxb3
28. Nxb3 Rda6 29. Ra1 Ra3 30. Rb2 Ba6 $11 31. Nc5 Bc4 32. Rb7 Rxb7 33. Nxb7
Rxa2 34. Rxa2 Bxa2) 28. f4 (28. g4) 28... Rb6 (28... h4) 29. g4 hxg4 30. hxg4
Ra8 31. Rh2 Rh8 32. Rxh8 Kxh8 33. f5 $1 {Na damskem kridle se bily k progresu
nedostane. Je treba otevrit jine pristupove cesty.} gxf5 (33... exf5 34. Re7
Be6 35. gxf5 gxf5 36. Ra7 $16) 34. gxf5 Kg7 35. fxe6 Bxe6 36. Kf2 (36. a4 Ra6)
36... Kf6 37. Kf3 Kg6 38. Rg1+ Kf6 39. Rg8 Bf5 40. Kf4 Bb1 41. a3 Re6 42. Rd8
Re4+ 43. Kf3 Re6 44. Rc8 $2 {Zbytecna ztrata tempa.} ({Vyhravalo} 44. b5 Be4+ (
44... Ke7 45. Ra8 Rf6+ 46. Ke3 Re6+ 47. Kd2 Rh6 48. Ra7+ Ke8 49. Nc6 $18) 45.
Kf2 Ke7 46. Ra8 Rf6+ 47. Ke1 Rg6 48. Ra7+ Ke8 49. Nc6 Rg1+ 50. Kf2 Rb1 51. Nb4
f5 52. Kg3 Rg1+ 53. Kf4 Rg4+ 54. Ke5 $18) 44... Kg5 $1 {
Cerny nahle ziskava silnou protihru postacujici k rovnovaze.} 45. Rc6 (45. b5
Rb6 46. Rc5 (46. a4 Bc2 47. Nxc4 dxc4 48. Rxc4 f5 49. Rb4 Be4+ 50. Ke3 Rh6 51.
c4 Rh3+ $11) 46... Be4+ 47. Ke2 Rh6 48. Nxc4 Kf4 49. Ne5 Rh2+ 50. Kd1 Rb2 $11)
45... Re1 46. b5 (46. Rc5 Be4+ 47. Kf2 Ra1 48. Nxc4 Kf4 49. Nd2 Bd3 50. Rc7 f5
51. Ra7 Ra2 52. Ke1 Ra1+ 53. Kf2 Ra2 $11) 46... Be4+ 47. Kf2 Rc1 (47... Rb1 48.
b6 Rb2+ 49. Kg1 $8 (49. Ke1 $2 Kf4 $19) 49... Rb1+ 50. Kf2 Rb2+ $11) 48. b6
Rxc3 $4 {Hruba chyba.} ({Cerny stale mohl jednoduse remizovat po} 48... Rc2+
49. Kg1 (49. Ke1 $2 Kf4 {a bily ma problemy}) 49... Rc1+ 50. Kf2 Rc2+ $11) 49.
b7 $18 Rc2+ 50. Ke1 Rb2 51. Rc8 Kf4 52. b8=Q+ Rxb8 53. Rxb8 Ke3 54. Nc6 f5 55.
a4 f4 56. a5 f3 57. Rf8 c3 58. Kd1 Bd3 59. Nb4 Be2+ 60. Kc1 f2 61. Nxd5+ Kxd4
62. Rxf2 Ba6 63. Nb4 Bb7 64. a6 Bh1 65. a7 Kc4 66. Nc2 Kd3 67. Rf8 Kc4 68. a8=Q
Bxa8 69. Rxa8 {A bily v nasledne casovce vsem pritomnym dokazal, ze s vezi a
jezdcem mat dat umi. 2:08 2:09} 1-0

[Event "DDM A - Rapid A"]
[Site "Praha"]
[Date "2005.02.03"]
[Round "47.5"]
[White "Nemec, Jan"]
[Black "Hoskovec, Josef"]
[Result "1-0"]
[WhiteElo "1883"]
[BlackElo "2095"]
[Annotator "Nemec"]
[PlyCount "112"]
[EventDate "2005.??.??"]

1. e4 e6 2. d4 d5 3. Nc3 Nf6 4. Bg5 dxe4 5. Nxe4 Be7 6. Bd3 Nxe4 7. Bxe7 Qxe7
8. Bxe4 Qb4+ 9. c3 Qxb2 10. Ne2 Nd7 11. O-O Nf6 12. Rb1 Qxa2 13. Bxb7 Bxb7 14.
Rxb7 O-O 15. Rxc7 Nd5 16. Rc5 Rfc8 17. Rxc8+ Rxc8 18. Qd3 Rb8 $4 19. g3 g6 20.
c4 Nb4 21. Nc1 Nxd3 22. Nxa2 Rb2 23. Nc1 Rd2 24. Nb3 Rb2 25. Na5 Ra2 26. Nc6 a6
27. d5 exd5 28. cxd5 Rd2 29. Ra1 Nc5 30. Ra5 Rd1+ 31. Kg2 Rc1 32. d6 Nb7 33.
Ne7+ Kf8 34. Rxa6 Rd1 35. Nc8 Ke8 36. Rb6 Nc5 37. Rb5 Ne6 38. Rb2 Kd7 39. Rc2
Nd8 40. Rc7+ Ke6 41. Re7+ Kf6 42. Rd7 Nc6 43. Rc7 Nd8 44. d7 Ke6 45. Nb6 Rd6
46. Rc8 Rxb6 47. Rxd8 Ke7 48. Rh8 Kxd7 49. Rxh7 Ke6 50. Rh4 Rb2 51. Ra4 Kf5 52.
h4 Kf6 53. Ra5 Ke6 54. g4 Kf6 55. Kg3 Rb3+ 56. f3 Rb4 1-0

[Event "DDM A - Rapid A"]
[Site "Praha"]
[Date "2005.02.03"]
[Round "4.6"]
[White "Dusek Richard"]
[Black "Smejc Jiri"]
[Result "0-1"]
[WhiteElo "1855"]
[BlackElo "1833"]
[Annotator "-,J"]
[PlyCount "64"]
[EventDate "2005.??.??"]

1. d4 Nf6 2. c4 e5 3. dxe5 Ng4 4. e3 $6 {
Tah packalu. Nebo tech, co neslyseli o Budapesti.} Nxe5 5. Nf3 Nbc6 6. Nc3 Bb4
7. Bd2 d6 8. Be2 O-O 9. a3 Bxc3 $6 {Zbytecne jde k duhu souperi, ale nastesti
je to kral pasivnich tahu, takze toho stejne nevyuzije.} (9... Ba5) 10. Bxc3 a5
11. O-O Be6 12. Nd2 Qh4 13. f4 Ng4 14. Bxg4 Bxg4 15. Qe1 Qxe1 {Puvodne jsem
chtel hrat 15...De7??, ale vcas jsem odhalil, ze po 16.Dg3 bych ztratil figuru.
..} 16. Raxe1 f6 {Excelentni pozicni tah, nejlepsi v dane pozici.} 17. e4 Be6 (
17... a4 $1 $15) 18. b3 a4 19. b4 b6 20. Rf3 Kh8 21. Rfe3 Rae8 22. Bb2 Re7 23.
c5 bxc5 24. bxc5 Rb8 $6 25. cxd6 cxd6 26. Bc3 Kg8 {Diky tomuto tahu jsem mohl
pozdeji vyhrat, kral nebude v matu po pripadnem sachu na 8. rade.} 27. Nf3 (27.
Rd3 $11) 27... Rb3 28. Nd4 $4 (28. Bd2 $11) 28... Rxc3 $1 29. Rxc3 Nxd4 $19 30.
Kf2 Bb3 31. Rd3 Nc2 $1 {31.Jb5 je take dobre, ale tah v partii je rychlejsi.}
32. Rc1 (32. Re2 Bc4 33. Rxd6 Bxe2 34. Kxe2 Nxa3 35. Kd3 Nb5 36. Rb6 Nc7 37. g3
Kf7 38. Rb4 Ne6 39. Kc2 Ra7 $19) 32... Rxe4 $1 {Hiarcs 9 -+ 3.95} 0-1

[Event "DDM A - Rapid A"]
[Site "?"]
[Date "2005.02.03"]
[Round "4.7"]
[White "Hacaperka, Michal"]
[Black "Nejtek, Jiri"]
[Result "1-0"]
[WhiteElo "1915"]
[BlackElo "1764"]
[PlyCount "95"]
[EventDate "2005.??.??"]

1. e4 e5 2. Nf3 Nc6 3. Bb5 Bc5 4. c3 Nf6 5. d3 ({po} 5. O-O O-O 6. d4 {
muze bily udrzet ze zahajeni vyhodu. Nechtelo se mi ale hrat s oslabenymi
centralnimi pesci, proto jsem zvolil pokracovani v partii. Postup d3-d4 stale
hrozi.}) 5... d6 6. h3 Bd7 7. Nbd2 a6 8. Ba4 O-O 9. Nf1 {Obaval jsem se, ze
jsem zahajeni nerozehral nejlepe. Cerny ma temer dokonceny vyvin, ja mam ve
hre jen dve figury a krale v centru. Utesoval me fakt, ze bile figury maji pro
sebe vhodna pole a cerne jsou zatim v pohybu trochu omezene.} Re8 10. Bg5 {
Chtel jsem vynutit oslabeni h6 a pak umistit strelce na e3.} b5 11. Bc2 Ne7 12.
Qd2 Kh8 {Celou cernou hru blokuje bily cernopolny strelec. Cerny na reseni
teto otazky spotrebuje hodne casu.} 13. g4 $6 (13. d4 exd4 14. cxd4 Bb6 15.
Bxf6 gxf6 {bily stoji lepe, ale cerny se preci jen uz trochu muze rozehrat.})
13... Bb6 14. Ng3 Nfg8 15. Nh4 f6 16. Be3 Ng6 $2 (16... Bxe3 17. Qxe3 c5 {
s rovnou hrou.}) 17. Nxg6+ hxg6 18. Bxb6 cxb6 19. f4 Ne7 20. f5 {Nyni se mi lo,
ze postup h-pesce musi rozhodnout. Cerny se mel pokusit hrat na damskem kridle
nebo v centru.} Kg8 21. Bb3+ Kf8 22. h4 $6 (22. g5 $3 Nxf5 (22... gxf5 {
prohrava hned} 23. gxf6 $18 f4 (23... Ng6 24. Nh5 Nf4 25. fxg7+ Ke7 26. Nxf4
exf4 27. Qxf4 $18) (23... gxf6 24. Qh6#) 24. Nh5 g5 (24... g6 25. Qg2 $18) 25.
f7 $18 {vesele.}) (22... fxg5 23. Qxg5 Ng8 24. Qxg6 Qf6 25. Nh5 Qxg6 26. fxg6
Nf6 27. Nxf6 gxf6 28. Bd5 {a bily vyhraje}) 23. exf5 gxf5 24. Qf2 f4 25. Ne4
fxg5 26. Bd5 Rb8 27. O-O-O {a bily by mel figuru uplatnit k vyhre.}) 22... Ng8
23. g5 gxf5 24. exf5 Bc6 25. Rg1 d5 26. O-O-O {cas na rochadu.} Ra7 27. d4 {
nepustit do hry cerneho strelce.} e4 28. Qe3 {blokada, i kdyz se k tomu
nejsilnejsi figura prilis nehodi. Bilemu se uvolnilo pole f4 pro jezdce.} Qc7
29. Rd2 Re7 30. Nh5 Qd6 31. Nf4 Ke8 32. Kb1 (32. Ne6) 32... Kd8 33. Rdg2 Kc8
34. Nh5 fxg5 35. hxg5 $6 (35. Rxg5 {bylo lepsi, slabina na g7 je nekrytelna.
Ale nechtel jsem povolit rozehrani jezdce a dva spojeni pesci se mi take
libili.}) 35... Be8 (35... Rf7 {a musel bych se starat o pesce f5.}) 36. Nf4
Bc6 37. Rh1 {jeden z kladu brani na g5 pescem.} Rad7 38. Rh8 Re8 39. Bd1 {
cas na prevod strelce.} Rde7 {ztraci kvalitu.} (39... Kb7) 40. Bh5 Rd8 41. Ne6
g6 {a je hotovo.} 42. Nxd8 Qxd8 43. Bxg6 Kb7 44. f6 Qf8 45. Rf2 Rf7 46. Bxf7
Qxf7 47. Qh3 Be8 48. Rh7 1-0

[Event "Motorlet B - DDM A"]
[Site "?"]
[Date "2005.02.07"]
[Round "5.1"]
[White "Tuma, Jiri"]
[Black "Stross, Frantisek"]
[Result "1/2-1/2"]
[WhiteElo "2010"]
[BlackElo "2276"]
[Annotator "Frantisek Stross"]
[PlyCount "250"]
[EventDate "2005.??.??"]

1. d4 d5 2. Nf3 Nf6 3. c4 c6 4. cxd5 {Meni to, dobytek jeden.} cxd5 5. Nc3 Nc6
{Ach jo, hrat na vyhru symetrickou pozici s tempem min. Ze jsem radsi nehral
kralku nebo volzak...} 6. a3 $6 g6 7. g3 Bg7 8. Bg2 O-O 9. O-O Ne4 10. e3 Nxc3
11. bxc3 Bf5 12. Nh4 Be6 13. f4 Qd7 14. Nf3 $6 Bh3 15. Bxh3 Qxh3 16. Qd3 Qf5
17. Qxf5 gxf5 $15 18. Rb1 b6 19. Rf2 Rfc8 20. Rc2 Na5 21. Nd2 Rc6 22. Bb2 Rac8
23. Kf2 e6 24. Ke2 Nc4 25. Nxc4 Rxc4 26. Kd3 f6 27. Rf1 Kf7 28. h3 h5 29. Rg2
Bf8 30. Ra1 {Vidi hrozbu Sxa3.} Bd6 31. g4 hxg4 32. hxg4 Rg8 33. Rag1 fxg4 34.
Rxg4 Rxg4 35. Rxg4 Ra4 36. Rg1 b5 37. Kc2 $2 {Nepochopitelne dava pesce.} ({
Po spravnem} 37. Ra1 Kg6 38. Ra2 Kf5 39. Ra1 {neni videt, jak by cerny mohl
pozici zesilit. Ani do zadneho zugzwangu bileho nedostane, protoze tomu staci
tahat vezi z a1 na a2 a zpet.}) 37... Bxa3 38. f5 exf5 39. Ra1 Bxb2 $1 {
Prechod do vyhrane pescovky by se mel preferovat temer vzdy, protoze je
nejjednodussi. A to i presto, kdyz jsme lini pocitat jiste zaludnosti.} ({
Strelcova koncovka po} 39... Bd6 40. Rxa4 bxa4 {
je samozrejme take lehce vyhrana, ale proc neprejit do trivialni pescovky?})
40. Rxa4 bxa4 41. Kxb2 Ke6 42. Ka3 f4 {
Sice jediny zpusob, jak to vyhrat, ale proc ne.} 43. exf4 Kf5 44. Kxa4 Kxf4 45.
Kb4 Kf5 {Byly i jednodussi moznosti Ale tah v partii stale nic nekazi.} (45...
a5+ $19) (45... Ke4 $19) (45... Ke3 $19) 46. Kc5 Ke6 47. Kc6 ({
Pred svym 39. tahem jsem pocital jen slabe} 47. c4) 47... f5 $2 {
Spatny, ukvapeny tah. Nyni bude treba vyhrat extremne tezkou damskou koncovku.}
(47... Ke7 $1 48. Kc7 (48. Kxd5 a5 49. Kc4 f5 $19) 48... Kf7 $1 49. c4 dxc4 {
a diky ustupu krale si cerny stavi damu driv a jeste se sachem.}) 48. c4 dxc4
49. d5+ Ke5 50. d6 c3 51. d7 c2 52. d8=Q c1=Q+ 53. Kb7 Qc5 {Po partii jsem byl
presvedcen, ze tato pozice se vyhrat neda. Nalimovy databaze koncovek me vsak
presvedcily o opaku. Bez pesce na a7 dava cerny po oboustranne nejpresnejsich
tazich mat 68. tahem! S pescem na a7 to je mozna o neco rychlejsi, ale nevim
presne, sestikamenace jsem nenasel.} (53... Qb2+ {bylo presnejsi, protoze nelze
} 54. Kxa7 {pro} Qd4+ $19 {Po Db2 + by mel dat cerny mat padesatym tahem.}) 54.
Qh8+ Ke4 55. Qh1+ Kd4 56. Qa1+ Kc4 57. Qf1+ Kb4 58. Qb1+ Ka4 $2 $11 (58... Kc3
$19) 59. Qd1+ Ka5 60. Qa1+ Kb5 61. Qb1+ Kc4 62. Qc2+ Kb4 63. Qb1+ $2 (63. Qb2+
$11) (63. Qd2+ $11) 63... Ka4 $2 (63... Kc3 $19) 64. Qd1+ Ka3 65. Qa1+ $2 (65.
Qd3+ $11) 65... Kb3 {Tak ted uz jsem pry opet vyhrany, ale moc jsem nepokrocil.
Databaze hlasi mat 73. tahem :-)} 66. Qb1+ Kc3 67. Qc1+ Kd4 68. Qf4+ Kd3 69.
Qf1+ Kd2 70. Qg2+ Ke1 71. Qh1+ Ke2 72. Qh5+ {Tato pozice byla pro me zakleta.
V partii vznikla celkem trikrat, ale pokazde jsem ustoupil spatne. Jedinou
moznosti, jak se vyhnout vecnemu sachovani, byl ustup krale na d2. Zadnym
jinym postupem se cerny k progresu nedostane.} Ke3 (72... Kd2 $1 73. Qh2+ Kc1
74. Qf4+ Kc2 75. Qa4+ Kc3 76. Qa1+ Kd2 77. Qb2+ Qc2 78. Qd4+ Ke2 {
a sachovani cerne damy (alespon prozatim) skoncilo!}) 73. Qh3+ Ke4 74. Qh1+ Ke5
75. Qh8+ Ke6 76. Qh6+ Ke7 77. Qh7+ Ke8 78. Qg6+ Ke7 79. Qh7+ Kf6 80. Qh6+ Ke5
81. Qh8+ {Zde mohl bily poprve reklamovat remizu diky tretimu opakovani pozice.
} Kf4 82. Qh4+ Kf3 83. Qh3+ Ke2 84. Qh5+ Kd3 $2 (84... Kd2 $1) 85. Qd1+ Ke4 86.
Qh1+ Kd3 87. Qd1+ Kc4 88. Qf1+ Kb3 89. Qb1+ Ka4 90. Qd1+ Kb5 91. Qb1+ Kc4 92.
Qc1+ Kd5 93. Qh1+ Ke5 94. Qh8+ Kf4 95. Qh4+ Kf3 96. Qh3+ Kf2 97. Qh2+ Kf1 98.
Qh3+ Kg1 99. Qg3+ Kf1 100. Qh3+ Ke2 101. Qh5+ Kd3 (101... Kd2 $1) 102. Qd1+ Ke4
{Ani ted se bily nesnazil reklamovat remizu. Tentokrat diky pravidlu padesati
tahu bez brani a tahu pescem. Pravdepodne o podobnych reklamacich nemel ani
tuseni...} 103. Qh1+ Ke5 104. Qh8+ Kd5 105. Qh1+ Kd6 106. Qh6+ Kd7 107. Qh7+
Qe7 {Uz me to vecne sachovani prestalo bavit.} 108. Qxf5+ Kd8+ 109. Ka6 Qa3+
110. Qa5+ Qxa5+ 111. Kxa5 Kc7 {Na vedlejsich sachovnicich se jeste hralo, tak
si aspon udelam rekord v poctu tahu. Souperovo zbrblani, ze je to teoreticka
remiza, me nezajimalo. Kdo ma tu teorii znat, ze? :-)} 112. Ka6 Kb8 113. Ka5
Kb7 114. Ka4 Kb6 115. Kb3 a5 ({Jemnejsi bylo} 115... a6) 116. Kb2 Kb5 117. Ka1
Kb4 118. Ka2 a4 119. Kb2 a3+ 120. Ka2 Ka4 121. Kb1 Kb3 122. Ka1 Kc3 123. Ka2
Kb4 124. Kb1 Kb3 125. Ka1 a2 {1:27 1:50} 1/2-1/2

[Event "Prebor Prahy druzstev I. trida - skupina"]
[Site "Praha"]
[Date "2005.02.07"]
[Round "5.2"]
[White "Jahoda, Ladislav"]
[Black "Galandauer, Jan"]
[Result "1-0"]
[WhiteElo "2007"]
[BlackElo "1959"]
[PlyCount "59"]
[EventDate "2005.??.??"]
[WhiteTeam "DDM Praha 6 A"]
[BlackTeam "SK Motorlet B"]

1. e4 c5 2. d4 cxd4 3. c3 d5 4. exd5 Qxd5 5. cxd4 Nc6 6. Nf3 e5 7. Nc3 Bb4 8.
Bd2 Bxc3 9. Bxc3 e4 10. Ne5 Nxe5 11. dxe5 Ne7 12. Qa4+ Bd7 13. Qb4 a5 14. Qb6
Bc6 15. b3 Qe6 16. Bc4 Qg4 17. O-O O-O 18. Kh1 Ng6 19. Qe3 Rfe8 20. Be2 Qf4 21.
Qxf4 Nxf4 22. Rfe1 a4 23. b4 Rac8 24. Rac1 Ng6 25. e6 fxe6 26. Bg4 Nf4 27. Be2
Nd3 28. Bxd3 exd3 29. Rcd1 Rcd8 30. Re3 1-0

[Event "Motorlet B - DDM A"]
[Site "?"]
[Date "2005.02.07"]
[Round "5.4"]
[White "Hacaperkova, Lenka"]
[Black "Pinkas, Jiri"]
[Result "1/2-1/2"]
[WhiteElo "1917"]
[BlackElo "1933"]
[Annotator "Hacaperkova"]
[PlyCount "36"]
[EventDate "2005.??.??"]

1. e4 d6 2. d4 Nf6 3. Nc3 g6 4. Be3 Bg7 5. Qd2 O-O 6. Bh6 c6 7. O-O-O {
Vzdy proti Pircovce hraju malou rosadu, v teto partii jsem chtela ale zkusit
trosku jiny system.} Nbd7 8. h3 (8. Bxg7 $16 Kxg7 9. e5 Nd5 10. Nxd5 cxd5 11.
exd6 exd6 12. h4) 8... Qc7 9. f3 $2 {Spravna byla opet vymena strelcu na g7.}
b5 10. g4 a5 11. h4 b4 12. Na4 c5 13. Bxg7 Kxg7 14. b3 (14. h5) 14... Ba6 15.
dxc5 $2 Nxc5 16. Nxc5 Qxc5 17. Bxa6 Rxa6 18. Qd4 Qxd4 {
Pozice se mi vubec nelibila, a tak jsem prijala nabidku remizy.} 1/2-1/2